Sports Quiz

Random Sports or Logo Quiz

UEFA National Team by Logo Quiz Stats

 Plays Quiz Updated Feb 13, 2019

     
Support Sporcle.
Go Orange.
Score 0/55 Timer 07:00
2 Plays Today
# National Team % Correct
1Germany
97.6%
3Sweden
96%
8Belgium
89.5%
2Portugal
87.2%
7Netherlands
84.7%
33Italy
84.5%
32England
83.6%
24Turkey
82.7%
17Finland
81.6%
34Croatia
80.8%
25France
80.8%
14Spain
76.6%
48Greece
74.5%
12Russia
72.7%
13Ireland
72.4%
19Wales
71.4%
16Bulgaria
64.5%
28Scotland
60.4%
5Ukraine
57%
26Slovakia
54.3%
29Romania
52.8%
50North Macedonia
47.7%
9Denmark
46.6%
4Poland
45.7%
18Slovenia
43.4%
36Northern Ireland
42.2%
6Switzerland
41.8%
40Montenegro
41.2%
# National Team % Correct
39Iceland
39.2%
38Georgia
38.6%
15Czechia
37.6%
30Azerbaijan
37%
11Hungary
35.6%
31Bosnia & Herzegovina
34.3%
52San Marino
33.5%
41Austria
32.7%
44Moldova
32.5%
54Gibraltar
30.6%
55Kosovo
27.9%
35Cyprus
26.2%
10Andorra
25.2%
27Serbia
25.1%
51Lithuania
20.3%
47Albania
19.4%
42Israel
18.3%
45Malta
18%
46Luxembourg
17.8%
22Armenia
17.1%
20Estonia
17%
21Latvia
14.8%
43Kazakhstan
14.6%
23Belarus
13.5%
53Norway
13.3%
49Liechtenstein
10.8%
37Faroe Islands
10.8%

From the Vault

'Jolene' Lyrics

by PAisGreat

Music 10m
You get the feeling that if Dolly Parton ever met Jolene on the street, she would punch her square in the nose.
Remove Ads.
Support Sporcle.
Get the best of Sporcle when you Go Orange. This ad-free experience offers more features, more stats, and more fun while also helping to support Sporcle. Thank you for becoming a member.

Show Comments

Extras

Top Quizzes Today


Score Distribution

Your Account Isn't Verified!

In order to create a playlist on Sporcle, you need to verify the email address you used during registration. Go to your Sporcle Settings to finish the process.

Report this User

Report this user for behavior that violates our Community Guidelines.

Details: